[Event "LLHH 2324 FC St. Pauli III - SK Union Ei"]
[Site "?"]
[Date "2023.11.05"]
[Round "1.4"]
[White "Goepfert, Jakob"]
[Black "Stelting, Thorsten"]
[Result "0-1"]
[WhiteElo "2108"]
[BlackElo "2171"]
[PlyCount "126"]
[EventDate "2023.??.??"]

1. d4 e6 2. c4 f5 3. Nc3 Nf6 4. Nf3 Bb4 5. Bd2 O-O 6. a3 Bxc3 7. Bxc3 Ne4 8. Qc2 d6 9. e3 Nd7 10. b4 b6 11. Bb2 Bb7 12. Bd3 a5 13. O-O Ndf6 14. Nd2 Nxd2 15. Qxd2 Ra7 16. d5 exd5 17. Bxf5 Qe7 18. cxd5 Ne4 19. Bxe4 Qxe4 20. Rad1 axb4 21. f3 Qe7 22. axb4 Ba6 23. Rf2 Bc4 24. Qd4 Bb3 25. Rd3 Ba4 26. Ra3 Rfa8 27. Rc3 Bb5 28. Rfc2 Be8 29. Rc1 Bg6 30. e4 Rf8 31. Rc4 h5 32. h3 Rf7 33. Qe3 Kh7 34. Qb3 Qg5 35. Kh1 Qg3 36. Bd4 Bxe4 37. Be5 Qxe5 38. Rxe4 Qf5 39. Re8 b5 40. Rb8 Qe5 41. Qb1+ g6 42. Rxb5 c6 43. Rb6 cxd5 44. Re1 Qf6 45. Qd3 Ra1 46. Rxa1 Qxa1+ 47. Kh2 Qe5+ 48. Kg1 Rc7 49. Qd2 d4 50. Kf2 h4 51. Ra6 Rc3 52. Ra1 d3 53. Ra7+ Kg8 54. Qa2+ d5 55. Ra8+ Kg7 56. Qa7+ Rc7 57. Qa1 d4 58. Ra7 Rxa7 59. Qxa7+ Kh6 60. Qa2 Qe3+ 61. Kf1 d2 62. Qb1 d3 63. Qd1 Kg5 0-1

[Event "LLHH 2324 FC St. Pauli III - SK Union Ei"]
[Site "?"]
[Date "2023.11.05"]
[Round "1.5"]
[White "Kayser, Stefan"]
[Black "Wronn, Bernd"]
[Result "0-1"]
[WhiteElo "2103"]
[BlackElo "2133"]
[PlyCount "178"]
[EventDate "2023.??.??"]

1. d4 Nf6 2. Nf3 d5 3. g3 e6 4. Bg2 Be7 5. O-O O-O 6. c4 dxc4 7. Ne5 Nc6 8. Nxc6 bxc6 9. Bxc6 Rb8 10. Nc3 Qd6 11. Bg2 Rd8 12. Qc2 Bb7 13. Bf4 Qb6 14. e4 Rxd4 15. Be3 c5 16. Bxd4 cxd4 17. Nd1 e5 18. Qxc4 Ba6 19. Qc2 Rc8 20. Qb3 Qc6 21. f3 Bc4 22. Qc2 Bxf1 23. Qxc6 Rxc6 24. Bxf1 g5 25. Nf2 Bd6 26. Bd3 h5 27. h3 Kf8 28. Kf1 Ke7 29. Ke2 Nd7 30. a3 a5 31. Kd2 Nc5 32. Bc2 Rb6 33. Rb1 Nb3+ 34. Bxb3 Rxb3 35. Nd3 f6 36. Kc2 a4 37. g4 Rb8 38. Kd2 hxg4 39. fxg4 Bxa3 40. Ra1 Bxb2 41. Rxa4 Bc3+ 42. Kc2 Kf7 43. Ra7+ Kg6 44. Ra6 Rb5 45. Ra3 Rb6 46. Ra4 Rc6 47. Kd1 Rc7 48. Ra6 Kg7 49. Ra4 Kf7 50. Ra6 Ke7 51. Ra8 Rb7 52. Kc2 Bb4 53. Kb3 Bd6+ 54. Kc4 Ke6 55. Re8+ Kd7 56. Ra8 Be7 57. Ra6 Ke8 58. h4 gxh4 59. g5 Kf7 60. gxf6 Bxf6 61. Ra2 Kg6 62. Rg2+ Kh5 63. Rf2 Bg7 64. Nxe5 Bxe5 65. Rf5+ Kg4 66. Rxe5 h3 67. Ra5 h2 68. Ra1 Rd7 69. e5 Kf3 70. e6 Rd8 71. Kc5 d3 72. e7 Re8 73. Kd6 d2 74. Kd7 Rh8 75. e8=Q Rxe8 76. Kxe8 Ke2 77. Rh1 d1=Q 78. Rxh2+ Ke3 79. Rh7 Qa4+ 80. Rd7 Kf4 81. Kd8 Ke5 82. Kc8 Ke6 83. Rb7 Qa5 84. Kb8 Kd6 85. Rb2 Kd7 86. Rb7+ Kc6 87. Rh7 Qe5+ 88. Ka8 Qa1+ 89. Ra7 Qh8# 0-1

[Event "LLHH 2324 FC St. Pauli III - SK Union Ei"]
[Site "?"]
[Date "2023.11.05"]
[Round "1.6"]
[White "Grote, Dirk"]
[Black "Adloff, Ralf"]
[Result "0-1"]
[WhiteElo "2052"]
[BlackElo "2064"]
[PlyCount "76"]
[EventDate "2023.??.??"]

1. d4 d5 2. c4 e6 3. Nc3 Nf6 4. cxd5 exd5 5. Bg5 c6 6. e3 h6 7. Bh4 Be7 8. Bd3 O-O 9. Nge2 Nbd7 10. O-O Re8 11. Qc2 a5 12. Rac1 b5 13. a4 b4 14. Nb1 Ba6 15. Bxa6 Rxa6 16. Nd2 c5 17. dxc5 Nxc5 18. Bxf6 Rxf6 19. Nd4 Qd7 20. N2b3 Nxa4 21. Nxa5 Nc5 22. Nab3 Ne4 23. Qc7 Qxc7 24. Rxc7 Bd6 25. Rc6 Be5 26. Rxf6 Bxf6 27. Ra1 Rc8 28. Rc1 Rc4 29. f3 Bxd4 30. exd4 Nd2 31. Rxc4 Nxc4 32. Nc5 Nxb2 33. Na6 Nd3 34. Nc7 Nf4 35. g3 b3 36. Nb5 b2 37. Na3 Ne2+ 38. Kf2 Nc3 0-1

[Event "LLHH 2324 FC St. Pauli III - SK Union Ei"]
[Site "?"]
[Date "2023.11.05"]
[Round "1.7"]
[White "Winter, Markus"]
[Black "David, Torsten"]
[Result "1-0"]
[WhiteElo "2000"]
[BlackElo "2043"]
[PlyCount "79"]
[EventDate "2023.??.??"]

1. d4 Nf6 2. Nf3 b5 3. g3 Bb7 4. Bg2 e6 5. O-O c5 6. c3 Be7 7. a4 b4 8. Nbd2 O-O 9. dxc5 bxc3 10. Nb3 Na6 11. bxc3 Nxc5 12. Be3 Nxb3 13. Qxb3 Qc7 14. c4 Rfb8 15. Qa2 Be4 16. Rfd1 Bc5 17. Bd4 Rb4 18. Rac1 Rab8 19. Qd2 Bxd4 20. Qxd4 Rxa4 21. Ne5 Bxg2 22. Kxg2 d5 23. g4 h6 24. h4 dxc4 25. g5 hxg5 26. hxg5 Nd5 27. Rh1 c3 28. Qxa4 Qxe5 29. Qh4 Kf8 30. e3 Rb4 31. Qh8+ Ke7 32. Ra1 Qxg5+ 33. Kf1 Rb7 34. Qa8 Rc7 35. Rh8 Kf6 36. f4 Nxe3+ 37. Ke2 Qg2+ 38. Kxe3 Qd2+ 39. Kf3 c2 40. Rhh1 1-0

[Event "LLHH 2324 FC St. Pauli III - SK Union Ei"]
[Site "?"]
[Date "2023.11.05"]
[Round "1.8"]
[White "Knecht, Guntram"]
[Black "Leonardi, Karlheinz"]
[Result "0-1"]
[WhiteElo "2051"]
[BlackElo "2086"]
[PlyCount "44"]
[EventDate "2023.??.??"]

1. e4 e5 2. Nf3 Nf6 3. Nc3 Nc6 4. Bb5 Bc5 5. d3 d6 6. Bg5 a6 7. Ba4 h6 8. Bxf6 Qxf6 9. Nd5 Qd8 10. c3 O-O 11. Ne3 Qf6 12. O-O Ba7 13. Qe2 Be6 14. Rad1 Ne7 15. Bb3 Ng6 16. d4 Nf4 17. Qe1 Nxg2 18. dxe5 dxe5 19. Kxg2 Bh3+ 20. Kg1 Qxf3 21. Rd2 Bxe3 22. Qxe3 Qg2# 0-1

[Event "LLHH 2324 Hamburger SK IV - Hamburger SK"]
[Site "?"]
[Date "2023.11.05"]
[Round "1.1"]
[White "Engel, Robert"]
[Black "Alegria, Oliver"]
[Result "1/2-1/2"]
[WhiteElo "2043"]
[BlackElo "2135"]
[PlyCount "70"]
[EventDate "2023.??.??"]

1. e4 c5 2. Nf3 e6 3. d4 cxd4 4. Nxd4 Nc6 5. Nc3 Qc7 6. Be2 Nf6 7. O-O Be7 8. Be3 d6 9. Kh1 O-O 10. f4 Nxd4 11. Bxd4 e5 12. Be3 Be6 13. f5 Bc4 14. Bg5 Rac8 15. Bxf6 Bxf6 16. Rf3 d5 17. Bxc4 Qxc4 18. Qxd5 Qxd5 19. exd5 e4 20. Nxe4 Bxb2 21. Rd1 Rxc2 22. d6 Rd8 23. g3 Be5 24. Rd5 f6 25. Rfd3 b6 26. a3 Rd7 27. a4 Rc4 28. Nd2 Rc6 29. Ne4 Rc4 30. Nd2 Rxa4 31. Nf3 Ra5 32. Rxa5 bxa5 33. Nxe5 fxe5 34. Rd5 a4 35. Kg2 a3 1/2-1/2

[Event "LLHH 2324 Hamburger SK IV - Hamburger SK"]
[Site "?"]
[Date "2023.11.05"]
[Round "1.2"]
[White "Groetzbach, Daniel"]
[Black "Fuhrmann, Bahne"]
[Result "1-0"]
[WhiteElo "2055"]
[BlackElo "2104"]
[PlyCount "79"]
[EventDate "2023.??.??"]

1. e4 e5 2. Nc3 Nf6 3. f4 d5 4. fxe5 Nxe4 5. Qf3 f5 6. d3 Nxc3 7. bxc3 d4 8. Qg3 Nc6 9. Be2 Be6 10. Bf3 Qd7 11. Ne2 O-O-O 12. O-O Bc5 13. c4 Bxc4 14. Bxc6 Qxc6 15. Rxf5 Be6 16. Rf2 Rdf8 17. Rxf8+ Rxf8 18. Nf4 Be7 19. Bb2 g5 20. Nxe6 Qxe6 21. Bxd4 Rf4 22. c3 Qf5 23. Re1 h5 24. e6 c5 25. Bf2 h4 26. Qe3 g4 27. Bxh4 Bxh4 28. e7 Bf2+ 29. Qxf2 Rxf2 30. e8=Q+ Kc7 31. Qe7+ Kc8 32. Qe8+ Kc7 33. Qe7+ Kc8 34. Qd6 Qf8 35. Re8+ Qxe8 36. Qxc5+ Kb8 37. Kxf2 Qa4 38. Qd6+ Kc8 39. Qe6+ Kd8 40. Qd5+ 1-0

[Event "LLHH 2324 Hamburger SK IV - Hamburger SK"]
[Site "?"]
[Date "2023.11.05"]
[Round "1.3"]
[White "Fuhrmann, Aake"]
[Black "Meier, David Geffrey"]
[Result "1-0"]
[WhiteElo "2044"]
[BlackElo "2081"]
[PlyCount "57"]
[EventDate "2023.??.??"]

1. d4 d5 2. c4 dxc4 3. Nf3 a6 4. e3 Nf6 5. Bxc4 e6 6. O-O Be7 7. b3 b5 8. Bd3 Bb7 9. Bb2 O-O 10. Qc2 Nbd7 11. Ne5 c5 12. Nc3 cxd4 13. exd4 Rc8 14. Qe2 Nb6 15. Rad1 Nbd5 16. Nxd5 Qxd5 17. f3 Rc7 18. Bb1 Qd6 19. f4 g6 20. h3 Rfc8 21. g4 Nd5 22. f5 f6 23. fxg6 fxe5 24. gxh7+ Kg7 25. dxe5 Qb6+ 26. Bd4 Bc5 27. Qe4 Bxd4+ 28. Rxd4 Rc1 29. h8=Q+ 1-0

[Event "LLHH 2324 Hamburger SK IV - Hamburger SK"]
[Site "?"]
[Date "2023.11.05"]
[Round "1.4"]
[White "Posske, Thore"]
[Black "Reyes Mantilla, Andres Mauricio"]
[Result "1/2-1/2"]
[WhiteElo "1993"]
[BlackElo "1975"]
[PlyCount "77"]
[EventDate "2023.??.??"]

1. d4 Nf6 2. Nf3 d5 3. c4 e6 4. Nc3 Nbd7 5. Qb3 dxc4 6. Qxc4 a6 7. Bf4 c5 8. dxc5 Bxc5 9. b4 b5 10. Qb3 Be7 11. Rd1 Qb6 12. e4 Bb7 13. Bd3 O-O 14. O-O Bc6 15. Bb1 Rfc8 16. Nd4 a5 17. e5 Bd5 18. Nxd5 Nxd5 19. bxa5 Rxa5 20. Nxe6 fxe6 21. Rxd5 Nc5 22. Qh3 g6 23. Be3 Rf8 24. Rd7 Rf7 25. Bxc5 Qxc5 26. Qxe6 Kg7 27. Be4 Ra7 28. Rxa7 Qxa7 29. Bd5 Rf8 30. h3 Bc5 31. Bf3 b4 32. Rd1 Bxf2+ 33. Kh1 Qe3 34. Qd7+ Rf7 35. Qd3 Qxe5 36. Qd2 Qg3 37. Qb2+ Kh6 38. Qd2+ Kg7 39. Qb2+ 1/2-1/2

[Event "LLHH 2324 Hamburger SK IV - Hamburger SK"]
[Site "?"]
[Date "2023.11.05"]
[Round "1.5"]
[White "Foo, Tzun Hong"]
[Black "Salenko, Vadim"]
[Result "1-0"]
[WhiteElo "1951"]
[BlackElo "2015"]
[PlyCount "47"]
[EventDate "2023.??.??"]

1. e4 e6 2. d4 d5 3. exd5 exd5 4. c4 c6 5. Nc3 Nf6 6. Bd3 Be6 7. c5 g6 8. Bf4 Nbd7 9. Nge2 Nh5 10. O-O Nxf4 11. Nxf4 Bg7 12. Nxe6 fxe6 13. Qg4 Qf6 14. Rae1 Kf7 15. Re3 Ke7 16. Rfe1 Nf8 17. Qg3 Rd8 18. Nb5 Rd7 19. Rf3 Qxf3 20. Qxf3 cxb5 21. Bxb5 Bxd4 22. Bxd7 Kxd7 23. Qa3 a6 24. Qa4+ 1-0

[Event "LLHH 2324 Hamburger SK IV - Hamburger SK"]
[Site "?"]
[Date "2023.11.05"]
[Round "1.6"]
[White "Atri, Jamshid"]
[Black "Kort, Felix"]
[Result "*"]
[WhiteElo "2006"]
[BlackElo "1841"]
[PlyCount "110"]
[EventDate "2023.??.??"]

1. e4 e5 2. Nf3 Nc6 3. Bb5 a6 4. Ba4 Nf6 5. O-O Be7 6. Re1 b5 7. Bb3 O-O 8. h3 Bb7 9. d3 d6 10. c3 Na5 11. Bc2 c5 12. Nbd2 Re8 13. d4 exd4 14. cxd4 cxd4 15. Nxd4 Bf8 16. b3 g6 17. Bb2 Bg7 18. Rc1 Rc8 19. Bd3 Nc6 20. Nxc6 Bxc6 21. Rc2 Nd7 22. Bxg7 Kxg7 23. Qa1+ f6 24. Qd4 Nc5 25. Bf1 Qd7 26. f3 Ne6 27. Qb6 Qb7 28. Qxb7+ Bxb7 29. Rec1 Rxc2 30. Rxc2 d5 31. exd5 Bxd5 32. Kf2 f5 33. g3 f4 34. g4 h5 35. a4 bxa4 36. bxa4 hxg4 37. hxg4 a5 38. Rb2 Bc6 39. Bb5 Rb8 40. Nc4 Nc5 41. Kg2 Bd5 42. Rc2 Ne6 43. Rd2 Bxc4 44. Bxc4 Nc5 45. Bb5 Rc8 46. Rd6 Kf7 47. g5 Ne6 48. Kh3 Nxg5+ 49. Kg4 Rc5 50. Kxf4 Rf5+ 51. Kg4 Nxf3 52. Ra6 Nd4 53. Rxa5 Nxb5 54. Rxb5 Rxb5 55. axb5 Ke6 *

[Event "LLHH 2324 Hamburger SK IV - Hamburger SK"]
[Site "?"]
[Date "2023.11.05"]
[Round "1.7"]
[White "Mandelkow, Elias"]
[Black "Juergens, Bernhard"]
[Result "*"]
[WhiteElo "1782"]
[BlackElo "2127"]
[PlyCount "119"]
[EventDate "2023.??.??"]

1. d4 f5 2. Bg5 g6 3. Nc3 Bg7 4. e3 Nf6 5. h4 h6 6. Bf4 d6 7. Qf3 Nbd7 8. O-O-O c6 9. Qg3 Nf8 10. Be2 Qa5 11. Bf3 Be6 12. Kb1 Ne4 13. Bxe4 fxe4 14. Nge2 Bf7 15. Qh3 Be6 16. Qh2 g5 17. Bg3 O-O-O 18. Nc1 Bg4 19. Rdf1 Qf5 20. Nb3 Nd7 21. Nd2 Nf6 22. f3 exf3 23. gxf3 Bh5 24. Qf2 Nd5 25. Nxd5 Qxd5 26. Ne4 Rdf8 27. Nd2 g4 28. f4 Bg6 29. Qe2 h5 30. Nb3 Be4 31. Rhg1 Rf5 32. Nd2 Qe6 33. Nxe4 Qxe4 34. Qd3 Qxd3 35. cxd3 Rhf8 36. Rc1 Kd7 37. Rc4 e5 38. dxe5 dxe5 39. Kc2 exf4 40. Rxf4 Rxf4 41. Bxf4 Ke6 42. b3 Be5 43. Rf1 Bxf4 44. exf4 g3 45. Rg1 Rg8 46. Kd2 Kf5 47. Ke3 Kg4 48. f5 Rf8 49. Ke4 Rxf5 50. Rxg3+ Kxg3 51. Kxf5 Kxh4 52. Kf4 c5 53. b4 b6 54. b5 Kh3 55. Kf3 h4 56. a3 Kh2 57. Kf2 h3 58. a4 Kh1 59. Kf1 Kh2 60. Kf2 *

[Event "LLHH 2324 Hamburger SK IV - Hamburger SK"]
[Site "?"]
[Date "2023.11.05"]
[Round "1.8"]
[White "Wartenberg, Alissa"]
[Black "Blome, Johannes"]
[Result "0-1"]
[WhiteElo "1769"]
[BlackElo "1883"]
[PlyCount "82"]
[EventDate "2023.??.??"]

1. e4 e5 2. Nf3 Nc6 3. Bb5 a6 4. Ba4 Nf6 5. O-O b5 6. Bb3 Be7 7. d3 O-O 8. c3 d6 9. Nbd2 h6 10. Re1 Na5 11. Bc2 c5 12. Nf1 Re8 13. d4 Qc7 14. Ng3 cxd4 15. cxd4 Bg4 16. Bb3 Nc6 17. Nf5 Bxf5 18. exf5 e4 19. Nh4 d5 20. Be3 Qd7 21. g4 Nb4 22. h3 Nd3 23. Rf1 Nxb2 24. Qd2 Nc4 25. Bxc4 bxc4 26. Bxh6 gxh6 27. Qxh6 Nh7 28. f6 Bxf6 29. Nf5 Qe6 30. Qf4 Ng5 31. Kg2 Bd8 32. Rab1 Ra7 33. Rb8 f6 34. h4 Nf7 35. Rfb1 Bc7 36. Rxe8+ Qxe8 37. Qe3 Qf8 38. g5 fxg5 39. hxg5 Nd6 40. Nh6+ Kg7 41. f4 exf3+ 0-1

[Event "LLHH 2324 SC Diogenes - Hamburger SK V"]
[Site "?"]
[Date "2023.11.19"]
[Round "2.1"]
[White "Engel, Robert"]
[Black "Schulenburg, Fabian"]
[Result "1-0"]
[WhiteElo "2043"]
[BlackElo "2282"]
[PlyCount "63"]
[EventDate "2023.??.??"]

1. e4 d5 2. exd5 Qxd5 3. Nc3 Qa5 4. d4 c6 5. Bc4 Nf6 6. Nf3 Bf5 7. Bd2 Qc7 8. Ne5 e6 9. g4 Be4 10. Nxe4 Nxe4 11. Bf4 Nd7 12. Qf3 Qa5+ 13. c3 Nxe5 14. Bxe5 Nd6 15. Bb3 Qd8 16. c4 h5 17. Rg1 Qa5+ 18. Kf1 hxg4 19. Rxg4 Nf5 20. Bc2 Rh5 21. Be4 Qa6 22. Kg1 Qxc4 23. b3 Qa6 24. Rc1 Rc8 25. d5 Nh4 26. Rxh4 Rxe5 27. dxe6 fxe6 28. Bg6+ Kd7 29. Qf7+ Kd6 30. Rd4+ Rd5 31. Rxd5+ Kxd5 32. Qd7+ 1-0

[Event "LLHH 2324 SC Diogenes - Hamburger SK V"]
[Site "?"]
[Date "2023.11.19"]
[Round "2.2"]
[White "Kaid, Almar"]
[Black "Fuhrmann, Bahne"]
[Result "1-0"]
[WhiteElo "2292"]
[BlackElo "2104"]
[PlyCount "101"]
[EventDate "2023.??.??"]

1. Nf3 Nf6 2. g3 g6 3. b3 Bg7 4. Bb2 O-O 5. Bg2 d5 6. c4 c6 7. O-O a5 8. d3 Bg4 9. Nbd2 Qc8 10. Rc1 Bh3 11. Bxf6 Bxf6 12. cxd5 Rd8 13. Nc4 Bxg2 14. Kxg2 Qc7 15. dxc6 Nxc6 16. a4 Rd7 17. Qd2 Qd8 18. Qe3 Ra6 19. Rfd1 Kg7 20. h4 h5 21. Qf4 Rd5 22. e4 e5 23. Ncxe5 Rxe5 24. Rxc6 Rf5 25. exf5 Rxc6 26. fxg6 fxg6 27. Rc1 Rxc1 28. Qxc1 Qxd3 29. Qc7+ Kh6 30. Qxb7 Qc3 31. Qb6 Kh7 32. Qe6 Kg7 33. Qe3 Qb4 34. Qd3 Qb7 35. Qc4 Kh7 36. Qe6 Kg7 37. Qe3 Qd5 38. Kh2 Kh7 39. Nd2 Kg7 40. Ne4 Bd4 41. Qd3 Qe5 42. Qf3 Qd5 43. Kg2 Be5 44. Ng5 Qxf3+ 45. Kxf3 Kf6 46. Ke4 Bc3 47. Nf3 Bb4 48. Ne5 Bc3 49. Nd3 g5 50. hxg5+ Kxg5 51. b4 1-0

[Event "LLHH 2324 SC Diogenes - Hamburger SK V"]
[Site "?"]
[Date "2023.11.19"]
[Round "2.3"]
[White "Krueger, Arthur"]
[Black "Schulenburg, Torben"]
[Result "0-1"]
[WhiteElo "1890"]
[BlackElo "2237"]
[PlyCount "50"]
[EventDate "2023.??.??"]

1. d4 Nf6 2. Nf3 g6 3. Bf4 d5 4. e3 Bg7 5. Be2 O-O 6. h4 Bf5 7. Ne5 h5 8. f3 Nfd7 9. Nc3 Nxe5 10. dxe5 Nc6 11. Qxd5 Nb4 12. Qxd8 Rfxd8 13. Kf2 Bxc2 14. Rac1 c6 15. a3 Nd3+ 16. Bxd3 Bxd3 17. Rhd1 Kf8 18. Na4 b6 19. b4 Ba6 20. Nc3 Ke8 21. Ne4 Rxd1 22. Rxd1 Rd8 23. Rxd8+ Kxd8 24. g4 Bd3 25. Ng3 hxg4 0-1

[Event "LLHH 2324 SC Diogenes - Hamburger SK V"]
[Site "?"]
[Date "2023.11.19"]
[Round "2.4"]
[White "Gottuk, Stefan"]
[Black "Foo, Tzun Hong"]
[Result "1/2-1/2"]
[WhiteElo "2167"]
[BlackElo "1951"]
[PlyCount "96"]
[EventDate "2023.??.??"]

1. d4 Nf6 2. Bf4 e6 3. e3 d5 4. Nd2 c5 5. c3 Be7 6. Bd3 O-O 7. Qe2 Nbd7 8. h4 Qb6 9. Rb1 Bd6 10. Bxd6 Qxd6 11. f4 h5 12. Ngf3 Ng4 13. Ne5 Ndxe5 14. fxe5 Qe7 15. Nf3 f5 16. g3 Bd7 17. O-O c4 18. Bc2 b5 19. Ng5 a5 20. a3 b4 21. axb4 axb4 22. Ra1 bxc3 23. bxc3 Ra3 24. Qd2 Rfa8 25. Rxa3 Qxa3 26. Nh3 Qb2 27. Rb1 Ra1 28. Qe1 Rxb1 29. Qxb1 Qxb1+ 30. Bxb1 Nxe3 31. Nf4 Kf7 32. Nxh5 Nd1 33. Bc2 Nxc3 34. Kf2 Ba4 35. Bxa4 Nxa4 36. Ke3 Nc3 37. Nf4 Nb5 38. Ne2 Na7 39. Kd2 Nb5 40. Ke3 Ke7 41. Nf4 Nc3 42. Nh5 Ne4 43. Nxg7 Nxg3 44. h5 Ne4 45. h6 Ng5 46. Nh5 Nh7 47. Nf4 Kf7 48. Nh3 Kg6 1/2-1/2

[Event "LLHH 2324 SC Diogenes - Hamburger SK V"]
[Site "?"]
[Date "2023.11.19"]
[Round "2.5"]
[White "Goldmann, David"]
[Black "Laqua, Christian"]
[Result "1/2-1/2"]
[WhiteElo "1973"]
[BlackElo "2036"]
[PlyCount "73"]
[EventDate "2023.??.??"]

1. e4 Nf6 2. e5 Nd5 3. d4 d6 4. exd6 exd6 5. Nf3 Be7 6. c4 Nf6 7. Nc3 O-O 8. h3 c6 9. Bg5 Na6 10. Be2 Nc7 11. O-O d5 12. c5 Ne6 13. Bxf6 Bxf6 14. Qd2 Qc7 15. g3 Bd7 16. Kg2 Rae8 17. Nd1 Nxd4 18. Nxd4 Bxd4 19. Qxd4 Rxe2 20. Ne3 Re8 21. Kf3 Re4 22. Qxe4 Rxf2+ 23. Rxf2 dxe4+ 24. Kg2 Qc8 25. h4 Bg4 26. Rd2 Bf3+ 27. Kh2 h6 28. Rd6 Qe8 29. Rc1 Kh7 30. Rc2 g6 31. Rcd2 Qe5 32. Rd7 Kg8 33. Rxb7 Qxc5 34. Rd8+ Kg7 35. Rdd7 Qxe3 36. Rxf7+ Kg8 37. Rg7+ 1/2-1/2

[Event "LLHH 2324 SC Diogenes - Hamburger SK V"]
[Site "?"]
[Date "2023.11.19"]
[Round "2.6"]
[White "Kilic, Oguz"]
[Black "Klaas, Heiko"]
[Result "1-0"]
[WhiteElo "2036"]
[BlackElo "1882"]
[PlyCount "71"]
[EventDate "2023.??.??"]

1. e4 e5 2. Nf3 Nc6 3. Bc4 Bc5 4. c3 Nf6 5. d3 O-O 6. O-O h6 7. Nbd2 a6 8. Bb3 d6 9. Re1 Ng4 10. Re2 Nf6 11. h3 Ba7 12. Nf1 Ne7 13. Be3 Ng6 14. Ng3 Re8 15. Qd2 Bxe3 16. fxe3 c6 17. Rf1 d5 18. exd5 cxd5 19. Nh2 Be6 20. Nf5 e4 21. d4 a5 22. Ba4 Bd7 23. Bxd7 Qxd7 24. Nxh6+ gxh6 25. Rxf6 Re6 26. Ref2 Rxf6 27. Rxf6 Kg7 28. Qf2 Qe7 29. Rf5 Rd8 30. Ng4 Rd6 31. Rh5 Nf8 32. Qf4 Qd8 33. Nxh6 Rf6 34. Nf5+ Kg8 35. Qg5+ Ng6 36. Rh8+ 1-0

[Event "LLHH 2324 SC Diogenes - Hamburger SK V"]
[Site "?"]
[Date "2023.11.19"]
[Round "2.7"]
[White "Kort, Felix"]
[Black "Kalla, Christian"]
[Result "0-1"]
[WhiteElo "1841"]
[BlackElo "1963"]
[PlyCount "68"]
[EventDate "2023.??.??"]

1. d4 Nf6 2. c4 g6 3. Nc3 d5 4. Nf3 Bg7 5. h4 h5 6. cxd5 Nxd5 7. Bd2 O-O 8. e4 Nb6 9. Be3 Bg4 10. Qd2 Nc6 11. e5 Nb4 12. Ne4 Bf5 13. Nfg5 c5 14. Rd1 f6 15. Ne6 Bxe6 16. Nxc5 Bg4 17. f3 N6d5 18. Bc4 b6 19. Qxb4 bxc5 20. dxc5 e6 21. Bxd5 exd5 22. fxg4 fxe5 23. gxh5 gxh5 24. Qd2 d4 25. Bh6 Qf6 26. Bxg7 Kxg7 27. Qe2 e4 28. Rh3 Kh6 29. Rg3 Qxh4 30. Rxd4 Qxg3+ 31. Kd1 Rad8 32. Qd2+ Qg5 33. Rd6+ Rxd6 34. Qxd6+ Rf6 0-1

[Event "LLHH 2324 SC Diogenes - Hamburger SK V"]
[Site "?"]
[Date "2023.11.19"]
[Round "2.8"]
[White "Buchholz, Robert"]
[Black "Lu, Yunong Elias"]
[Result "1/2-1/2"]
[WhiteElo "1958"]
[BlackElo "1779"]
[PlyCount "90"]
[EventDate "2023.??.??"]

1. d4 Nf6 2. c4 g6 3. Nc3 d5 4. g3 Bg7 5. Bg2 c6 6. cxd5 cxd5 7. Nf3 Nc6 8. O-O O-O 9. e3 Ne4 10. Nxe4 dxe4 11. Nd2 f5 12. Qb3+ Kh8 13. Rd1 b6 14. Nb1 Na5 15. Qa3 Nc4 16. Qc3 Ne5 17. Bd2 Nf3+ 18. Bxf3 exf3 19. Qc6 Rb8 20. Qxf3 Bb7 21. Qe2 Qd5 22. f3 Qxf3 23. Qxf3 Bxf3 24. Rc1 Rbc8 25. Rxc8 Rxc8 26. Bc3 Kg8 27. Nd2 Bd5 28. Kf2 Kf7 29. Nf3 e6 30. h4 h6 31. Re1 a5 32. a3 Bxf3 33. Kxf3 e5 34. dxe5 Ke6 35. e4 Rc5 36. exf5+ gxf5 37. h5 a4 38. Bd4 Rd5 39. Bxb6 Rxe5 40. Rxe5+ Bxe5 41. Be3 Bxb2 42. Bxh6 Bxa3 43. Bg7 Kf7 44. Bd4 Bc1 45. Bc5 a3 1/2-1/2

[Event "LLHH 2324 SV Großhansdorf - Hamburger S"]
[Site "?"]
[Date "2023.11.19"]
[Round "2.1"]
[White "Groetzbach, Daniel"]
[Black "Wahls, Matthias"]
[Result "1/2-1/2"]
[WhiteElo "2055"]
[BlackElo "2533"]
[PlyCount "26"]
[EventDate "2023.??.??"]

1. e4 c5 2. Nf3 d6 3. d4 cxd4 4. Nxd4 Nf6 5. Nc3 a6 6. a3 e5 7. Nf5 d5 8. Bg5 d4 9. Bxf6 Qxf6 10. Nd5 Qd8 11. Qg4 g6 12. Qg3 Nc6 13. Nxd4 exd4 1/2-1/2

[Event "LLHH 2324 SV Großhansdorf - Hamburger S"]
[Site "?"]
[Date "2023.11.19"]
[Round "2.2"]
[White "Gara, Anita"]
[Black "Meier, David Geffrey"]
[Result "1/2-1/2"]
[WhiteElo "2337"]
[BlackElo "2081"]
[PlyCount "32"]
[EventDate "2023.??.??"]

1. e4 g6 2. d4 Bg7 3. Nf3 d6 4. Be2 Nd7 5. O-O Ngf6 6. Nc3 e5 7. Re1 O-O 8. h3 exd4 9. Nxd4 Re8 10. Bg5 Nc5 11. Bc4 h6 12. Bxf6 Qxf6 13. Ndb5 Qd8 14. Qf3 Be6 15. Bxe6 Nxe6 16. a4 a6 1/2-1/2

[Event "LLHH 2324 SV Großhansdorf - Hamburger S"]
[Site "?"]
[Date "2023.11.19"]
[Round "2.3"]
[White "Posske, Thore"]
[Black "Paul, Anatolij"]
[Result "0-1"]
[WhiteElo "1993"]
[BlackElo "2065"]
[PlyCount "50"]
[EventDate "2023.??.??"]

1. d4 d6 2. Nf3 Bg4 3. e4 Nd7 4. Bc4 e6 5. h3 Bh5 6. O-O Be7 7. Bb3 Ngf6 8. e5 Nd5 9. exd6 cxd6 10. Bxd5 exd5 11. Qd3 O-O 12. Nc3 Nb6 13. Ne2 Bg6 14. Qb3 Qc7 15. c3 Rfe8 16. Re1 Bf6 17. Bf4 Re4 18. Nd2 Re6 19. Nf1 Rae8 20. Ne3 Qc6 21. Qd1 Nc4 22. Nxc4 Qxc4 23. Be3 Bg5 24. b3 Qa6 25. Qd2 Rxe3 0-1

[Event "LLHH 2324 SV Großhansdorf - Hamburger S"]
[Site "?"]
[Date "2023.11.19"]
[Round "2.4"]
[White "Felten, Joachim"]
[Black "Schellhorn, Wolfgang"]
[Result "1-0"]
[WhiteElo "2081"]
[BlackElo "2088"]
[PlyCount "79"]
[EventDate "2023.??.??"]

1. e4 c5 2. Nf3 d6 3. d4 cxd4 4. Nxd4 Nf6 5. Nc3 a6 6. Bc4 e6 7. Bb3 Nbd7 8. Be3 Nc5 9. f3 Qc7 10. Qd2 h5 11. O-O Be7 12. Bg5 b5 13. a3 Nxb3 14. Nxb3 Bb7 15. Rad1 Rd8 16. Qf2 Ng4 17. Qh4 Qb6+ 18. Nd4 f6 19. fxg4 fxg5 20. Qf2 Rf8 21. Qe3 Rxf1+ 22. Kxf1 Bf6 23. gxh5 g4 24. Rd3 Bc8 25. Nce2 Qc5 26. c3 Qxh5 27. Kg1 Bg5 28. Qg3 Bh4 29. Qe3 Bg5 30. Qg3 e5 31. Nf5 Bxf5 32. exf5 Ke7 33. Qf2 Rd7 34. Ng3 Qh6 35. Qe2 Rd8 36. Qxg4 Be3+ 37. Kh1 Rh8 38. f6+ Kf8 39. fxg7+ Qxg7 40. Qxg7+ 1-0

[Event "LLHH 2324 SV Großhansdorf - Hamburger S"]
[Site "?"]
[Date "2023.11.19"]
[Round "2.5"]
[White "Salenko, Vadim"]
[Black "Ennenbach, Ralph"]
[Result "0-1"]
[WhiteElo "2015"]
[BlackElo "2063"]
[PlyCount "78"]
[EventDate "2023.??.??"]

1. d4 f5 2. e3 Nf6 3. Nd2 g6 4. f4 Bg7 5. Ngf3 O-O 6. Bc4+ d5 7. Bd3 b6 8. Qe2 a5 9. Ne5 c5 10. c3 Ne4 11. Ndf3 Ba6 12. O-O Qd6 13. Bd2 Bxd3 14. Qxd3 c4 15. Qc2 Nd7 16. Be1 b5 17. a3 Rab8 18. Kh1 Rfc8 19. g4 e6 20. Rg1 Rb7 21. Qg2 Qf8 22. Rc1 Bxe5 23. Nxe5 Nxe5 24. fxe5 Rf7 25. Rc2 Qe7 26. Qh3 f4 27. exf4 Rxf4 28. Qh6 Rcf8 29. Rcg2 Qg7 30. Qh4 g5 31. Qh5 Qg6 32. Qxg6+ hxg6 33. h3 Kg7 34. Kh2 Rf3 35. Re2 Rd3 36. Kg2 Rff3 37. Rh1 Rde3 38. Rxe3 Rxe3 39. Kf1 Rd3 0-1

[Event "LLHH 2324 SV Großhansdorf - Hamburger S"]
[Site "?"]
[Date "2023.11.19"]
[Round "2.6"]
[White "Limbach, Torsten"]
[Black "Atri, Jamshid"]
[Result "0-1"]
[WhiteElo "1992"]
[BlackElo "2006"]
[PlyCount "56"]
[EventDate "2023.??.??"]

1. c4 Nf6 2. g3 e6 3. Bg2 d5 4. Nf3 Be7 5. d4 O-O 6. O-O dxc4 7. Qc2 a6 8. a4 Bd7 9. Nc3 Nc6 10. e4 Rb8 11. Rd1 b5 12. axb5 axb5 13. Qe2 Nb4 14. Ne5 Be8 15. d5 exd5 16. exd5 Bd6 17. Nc6 Bxc6 18. dxc6 Re8 19. Qf3 Nd3 20. Bg5 Bc5 21. Rd2 Bd4 22. Nd5 Qxd5 23. Qxd5 Nxd5 24. Bxd5 Re5 25. Rxd3 cxd3 26. Bf4 Rxd5 27. Bxc7 Rc8 28. Bf4 g5 0-1